00341nam a2200085Ia 4500008004100000245008200041260008700123500003300210546001200243220512s9999 xx 000 0 eng d 0aAlternative perspectives on higher education in the context of globlization / aNew Delhi :bNational University of Education Planning and Administration,cAug-07 aNUEPA Foundation Day Lecture aEnglish